Catálogo público

Contra viento y marea : la pertinaz historia del movimiento campesino y las izquierdas / (Record no. 167452)

MARC details
000 -CABECERA
campo de control de longitud fija 01245nam a2200325Ia 4500
001 - NÚMERO DE CONTROL
campo de control Z_4382
003 - IDENTIFICADOR DEL NÚMERO DE CONTROL
campo de control CHAP
008 - DATOS DE LONGITUD FIJA--INFORMACIÓN GENERAL
campo de control de longitud fija 220113s2016 xx 000 0 und d
010 ## - NÚMERO DE CONTROL DE LA BIBLIOTECA DEL CONGRESO
Número de control de LC 167452
020 ## - NÚMERO INTERNACIONAL ESTÁNDAR DEL LIBRO
Número Internacional Estándar del Libro 978-607-12-0148-5 (colección Tlatemoa) \ 978-607-12-0420-2 (número 13)
040 ## - FUENTE DE LA CATALOGACIÓN
Centro/agencia transcriptor CHAP
082 ## - NÚMERO DE LA CLASIFICACIÓN DECIMAL DEWEY
Número de clasificación 305.5633972 F84
100 ## - ENTRADA PRINCIPAL--NOMBRE DE PERSONA
Nombre de persona Fuente Hernández, Juan de la
9 (RLIN) 43805
245 ## - MENCIÓN DE TÍTULO
Título Contra viento y marea : la pertinaz historia del movimiento campesino y las izquierdas /
Mención de responsabilidad, etc. Juan de la Fuente Hernández
250 ## - MENCIÓN DE EDICIÓN
Mención de edición 2a ed.
260 ## - PUBLICACIÓN, DISTRIBUCIÓN, ETC.
Lugar de publicación, distribución, etc. México :
Nombre del editor, distribuidor, etc. Universidad Autonoma de Chapingo. Departamento de Enseñanza, Investigación y Servicio en Sociología Rural,
Fecha de publicación, distribución, etc. 2016
300 ## - DESCRIPCIÓN FÍSICA
Extensión 335 p.
440 ## - MENCIÓN DE SERIE/PUNTO DE ACCESO ADICIONAL--TÍTULO
Título Tlatemoa ; 13
9 (RLIN) 141658
503 ## - NOTA DE HISTORIA BIBLIOGRÁFICA (BK CF MU) [OBSOLETO]
Nota de historia bibliográfica ej.1: donación noviembre 2016
650 ## - PUNTO DE ACCESO ADICIONAL DE MATERIA--TÉRMINO DE MATERIA
Término de materia o nombre geográfico como elemento de entrada Agricultura y Estado
Subdivisión general
-- México
--
-- Historia
--
-- Siglo XX
9 (RLIN) 141659
650 ## - PUNTO DE ACCESO ADICIONAL DE MATERIA--TÉRMINO DE MATERIA
Término de materia o nombre geográfico como elemento de entrada Campesinado
Subdivisión general Actividad política
--
-- México
--
-- Historia
--
-- Siglo XX
9 (RLIN) 141660
650 ## - PUNTO DE ACCESO ADICIONAL DE MATERIA--TÉRMINO DE MATERIA
Término de materia o nombre geográfico como elemento de entrada Insurrecciones de campesinos
Subdivisión general
-- México
--
-- Historia
--
-- Siglo XX
9 (RLIN) 141661
650 ## - PUNTO DE ACCESO ADICIONAL DE MATERIA--TÉRMINO DE MATERIA
Término de materia o nombre geográfico como elemento de entrada Organización de la comunidad
Subdivisión general
-- México
9 (RLIN) 141662
901 ## - ELEMENTOS DE DATOS A LOCAL LDA (RLIN)
a 305.5633972 F84
902 ## - ELEMENTOS DE DATOS B LOCAL, LDB (RLIN)
a M
910 ## - DATOS DE OPCIÓN DEL USUARIO (OCLC)
Datos de opción del usuario 2016
942 ## - ELEMENTOS DE PUNTO DE ACCESO ADICIONAL (KOHA)
Tipo de ítem Koha Libro_
942 ## - ELEMENTOS DE PUNTO DE ACCESO ADICIONAL (KOHA)
Tipo de ítem Koha
Holdings
Estado de retiro Estado de pérdida Fuente del sistema de clasificación o colocación Estado dañado No para préstamo Código de colección Localización permanente Ubicación/localización actual Ubicación en estantería Fecha de adquisición Código de barras Fecha visto por última vez Número de copia Precio válido a partir de Tipo de ítem Koha
    Dewey Decimal Classification     General Zootecnia Zootecnia   29/11/2017 z_7036 18/01/2022 1 18/01/2022 Libro